000 01214nam a22003017a 4500
003 PE SENCICO BE
005 20251020182648.0
008 240108b |||||||| |||| 00| 0 eng d
040 _aPE SENCICO BE
_cPE SENCICO BE
041 _aspa
084 _aI
_aDIS
_a2018
_bK49
100 1 _91850
_aKhalafy Milla, Martha Leyla
_eautor
245 1 _aRestobar; iluminación, acústica y amoblamiento /
_cMartha Leyla Khalafy Milla
260 _aLima :
_c2018
300 _a2 v. :
_bil. ;
_c30 cm.
500 _aTexto en dos volúmenes. El volumen 2 contiene planos (30 x 40 cm.).
502 _aMonografía de Titulación.-- Servicio Nacional de Capacitación para la Industria de la Construcción. Escuela Superior Técnica. Carrera Profesional Técnica en Diseño de Interiores, 2018
650 1 0 _963
_aIluminación
650 2 0 _91851
_aBares
650 2 0 _91852
_aServicios de alimentos
650 2 0 _948
_aAcústica arquitectónica
650 2 0 _944
_aDiseño de interiores
650 2 0 _9615
_aPlanos
650 2 0 _91995
_aEspacios comerciales
710 1 _aServicio Nacional de Capacitación para la Industria de la Construcción.
_bEscuela Superior Técnica
_91065
910 _bhfp
_chfp
942 _cMON
_2ddc
999 _c4485
_d4485